| 000 | 00700nam0a22002531 4500 | ||
|---|---|---|---|
| 001 | RU\NLR\A1SV\125251 | ||
| 005 | 20251119125350.0 | ||
| 035 | _a(NLR Aleph) 010445912 | ||
| 090 |
_a9908047 _c9908047 |
||
| 100 | _a20091007d1919 u y0rusy50 ca | ||
| 101 | 0 | _arus | |
| 102 | _aRU | ||
| 200 | 1 |
_aПоследняя свадьба _fПетр Орешин |
|
| 210 |
_aМ. _cНар. ком. земледелия _d1919 |
||
| 215 |
_a23 с. _cил. _d26 см |
||
| 620 | _dМосква | ||
| 700 | 1 |
_aОрешин _bП.В. _f1887-1938 _gПетр Васильевич |
|
| 801 | 0 |
_aRU _bNLR _c20091007 |
|
| 899 | _aРГБ | ||
| 899 | _aГПИБ | ||
| 942 | _cBOOK | ||
| 980 | _aA1SV | ||
| 980 | _aNB | ||